Georg Wilhelm Friedrich Hegel's Vorlesungen über die Philosophie der Geschichte
| Subtitles: | Vorlesungen über die Philosophie der Geschichte Werke |
|---|---|
| Main Author: | |
| Contributors: | ; ; ; ; ; ; ; |
| Format: | Print Book |
| Language: | German |
| Subito Delivery Service: | Order now. |
| Check availability: | HBZ Gateway |
| WorldCat: | WorldCat |
| Interlibrary Loan: | Interlibrary Loan for the Fachinformationsdienste (Specialized Information Services in Germany) |
| Published: |
Berlin
Duncker & Humblot
1840
|
| In: |
Werke. (Bd. 9)
Year: 1840 |
| Edition: | Zweite Auflage |
| Series/Journal: | Hegel, Georg Wilhelm Friedrich 1770-1831, Werke.
Bd. 9 |
| Standardized Subjects / Keyword chains: | B
Philosophy of history
|
| IxTheo Classification: | VA Philosophy |
| Sammlungen: |
MARC
| LEADER | 00000cam a2200000 cb4500 | ||
|---|---|---|---|
| 001 | 163822387 | ||
| 003 | DE-627 | ||
| 005 | 20250711215623.0 | ||
| 007 | tu | ||
| 008 | 940912s1840 xx ||||| 00| ||ger c | ||
| 035 | |a (DE-627)163822387 | ||
| 035 | |a (DE-576)9163822385 | ||
| 035 | |a (DE-599)GBV163822387 | ||
| 035 | |a (OCoLC)24334887 | ||
| 040 | |a DE-627 |b ger |c DE-627 |e rakwb | ||
| 041 | |a ger | ||
| 044 | |c XA-DXDE | ||
| 084 | |a 0 |2 ssgn | ||
| 084 | |a 08.43 |2 bkl | ||
| 100 | 1 | |0 (DE-588)118547739 |0 (DE-627)133763331 |0 (DE-576)208952438 |4 aut |a Hegel, Georg Wilhelm Friedrich |d 1770-1831 | |
| 109 | |a Hegel, Georg Wilhelm Friedrich 1770-1831 | ||
| 245 | 1 | 0 | |a Georg Wilhelm Friedrich Hegel's Vorlesungen über die Philosophie der Geschichte |c Herausgegeben von Eduard Gans |
| 246 | 1 | |i Ansetzungssachtitel |a Vorlesungen über die Philosophie der Geschichte | |
| 246 | 3 | 3 | |a Werke |
| 250 | |a Zweite Auflage |b besorgt von Karl Hegel | ||
| 264 | 1 | |a Berlin |b Duncker & Humblot |c 1840 | |
| 300 | |a XXVI, 547 S | ||
| 336 | |a Text |b txt |2 rdacontent | ||
| 337 | |a ohne Hilfsmittel zu benutzen |b n |2 rdamedia | ||
| 338 | |a Band |b nc |2 rdacarrier | ||
| 490 | 1 | |a Georg Wilhelm Friedrich Hegel's Werke : vollständige Ausg. durch einen Verein von Freunden des Verewigten / Philipp Marheineke; Johannes Karl Hartwig Schulze; Eduard Gans; Leopold von Henning; Heinrich Gustav Hotho; Carl Ludwig Michelet; Friedrich Christoph Förster |v Bd. 9 | |
| 601 | |a Wilhelm | ||
| 601 | |a Philosophie | ||
| 601 | |a Geschichte | ||
| 652 | |a VA | ||
| 689 | 0 | 0 | |d s |0 (DE-588)4020529-0 |0 (DE-627)104598778 |0 (DE-576)208933743 |2 gnd |a Geschichtsphilosophie |
| 689 | 0 | |5 (DE-627) | |
| 700 | 1 | |e Hrsg. |0 (DE-588)118689479 |0 (DE-627)13376334X |0 (DE-576)161056717 |4 edt |a Gans, Eduard |d 1797-1839 | |
| 700 | 1 | |0 (DE-588)11657075X |0 (DE-627)133763390 |0 (DE-576)214777804 |4 oth |a Hegel, Karl von |d 1813-1901 | |
| 700 | 1 | |e Hrsg. |0 (DE-588)118993895 |0 (DE-627)133431444 |0 (DE-576)164555617 |4 edt |a Marheineke, Philipp Konrad |d 1780-1846 | |
| 700 | 1 | |e Hrsg. |0 (DE-588)118860283 |0 (DE-627)133760928 |0 (DE-576)210210508 |4 edt |a Schulze, Johannes |d 1786-1869 | |
| 700 | 1 | |e Hrsg. |0 (DE-588)100162878 |0 (DE-627)076595730 |0 (DE-576)288631684 |4 edt |a Henning, Leopold von |d 1791-1866 | |
| 700 | 1 | |e Hrsg. |0 (DE-588)119154951 |0 (DE-627)079950493 |0 (DE-576)164835253 |4 edt |a Hotho, Heinrich Gustav |d 1802-1873 | |
| 700 | 1 | |e Hrsg. |0 (DE-588)11858216X |0 (DE-627)133763366 |0 (DE-576)162231571 |4 edt |a Michelet, Karl Ludwig |d 1801-1893 | |
| 700 | 1 | |e Hrsg. |0 (DE-588)100278043 |0 (DE-627)133453847 |0 (DE-576)286467739 |4 edt |a Förster, Friedrich Christoph |d 1791-1868 | |
| 800 | 1 | |a Hegel, Georg Wilhelm Friedrich |d 1770-1831 |t Werke. |v Bd. 9 |9 9.1840 |w (DE-627)134046722 |w (DE-576)9134046720 |7 am | |
| 935 | |a FRST |a mteo | ||
| 936 | b | k | |a 08.43 |j Geschichtsphilosophie |q ARK |0 (DE-627)106403028 |
| 951 | |a MV | ||
| ELC | |b 1 | ||
| LOK | |0 000 xxxxxcx a22 zn 4500 | ||
| LOK | |0 001 4325052380 | ||
| LOK | |0 003 DE-627 | ||
| LOK | |0 004 163822387 | ||
| LOK | |0 005 20240919080905 | ||
| LOK | |0 008 230524||||||||||||||||ger||||||| | ||
| LOK | |0 040 |a DE-Tue135 |c DE-627 |d DE-Tue135 | ||
| LOK | |0 092 |o n | ||
| LOK | |0 852 |a DE-Tue135 | ||
| LOK | |0 852 1 |9 00 | ||
| LOK | |0 866 |x SPQUE#Bibliothek der Franckeschen Stiftungen#SPSAM#Tholuck-Bibliothek#SPSYS#thol_systematik_IV | ||
| LOK | |0 935 |a FRST |a thol | ||
| LOK | |0 936ln |0 1442053844 |a VA | ||
| LOK | |0 939 |a 24-05-23 |b l01 | ||
| ORI | |a SA-MARC-ixtheoa001.raw | ||
| REL | |a 1 | ||
| STA | 0 | 0 | |a Philosophy of history,History,History |
| STB | 0 | 0 | |a Philosophie de l'histoire |
| STC | 0 | 0 | |a Filosofía de la historia |
| STD | 0 | 0 | |a Filosofia della storia |
| STE | 0 | 0 | |a 历史哲学 |
| STF | 0 | 0 | |a 歷史哲學 |
| STG | 0 | 0 | |a Filosofia da história |
| STH | 0 | 0 | |a Философия истории |
| STI | 0 | 0 | |a Φιλοσοφία της ιστορίας |
| SUB | |a REL | ||
| SYG | 0 | 0 | |a Geschichte |